000 02404nam0a2200385 4500
001 RU\NLR\bibl\1773181
005 20260406030605.0
010 _a978-5-98672-242-9
_9500
021 _aRU
_b2011-33447
_92389
035 _a(nilc)RSL-KNO-004939353
035 _a(NLR Aleph) 001763959
090 _a1595863
_c1595863
100 _a20110510d2011 |||y0rusy50 ca
101 0 _arus
102 _aRU
105 _aa |||||||||
200 1 _aУправление энергетическими ресурсами горных предприятий
_eучебное пособие для студентов вузов, обучающихся по специальности "Электропривод и автоматика промышленных установок и технологических комплексов" (квалификация - горный инженер) направления подготовки "Электротехника, электромеханика и электротехнологии" и "Электроснабжение" (квалификация - горный инженер) направления подготовки "Электроэнергетика"
_fА. В. Ляхомский, Г. И. Бабокин
210 _aМосква
_cГорная книга
_d2011
215 _a231, [1] с.
_cил., табл.
_d22
225 1 _aГорная электромеханика
_eГЭ
_v14
320 _aБиблиогр.: с. 226-229 (65 назв.)
606 1 _aРудники
_jУчебные издания для высших учебных заведений
_xЭнергетическое хозяйство
_91437494
_3RU\NLR\auth\66297352
606 1 _aРудники
_jУчебные издания для высших учебных заведений
_xЭнергетические ресурсы
_xЭкономия
_92111992
_3RU\NLR\auth\661579759
686 _aИ-421я73-1
_2rubbk
686 _aИ-42я73-1
686 _aУ30(2)54-554.081я73
700 1 _aЛяхомский
_bА. В.
_gАлександр Валентинович
_4070
701 1 _4070
_7ca
_8rus
_aБабокин
_bГ. И.
_f1943-
_gГеннадий Иванович
_9110906
_3RU\NLR\auth\77869
801 0 _aRU
_bRuMoRKP
_c20110510
_grcr
801 1 _aRU
_bРГБ
_c20110510
801 2 _aRU
_bNLR
_c20110525
_grcr
942 _cBOOK
980 _aNB
980 _aNBR